Áreas naturales protegidas.
Las características geográficas, climáticas, minerales, hídricas y naturales de un país, y sus riquezas, como resultado del recorte político de una región o territorio.
Guardado en:
| Autor Principal: | |
|---|---|
| Autor Corporativo: | |
| Otros Autores: | |
| Formato: | |
| Publicado: |
Argentina,
2009
|
| Series: | Horizontes. Ciencias Sociales
|
| Materias: | |
| Acceso en línea: | https://www.educ.ar/recursos/50752/areas-naturales-protegidas |
| Etiquetas: |
Agregar Etiqueta
Sin Etiquetas, Sea el primero en etiquetar este registro!
|
| LEADER | 01235ngm a22003495g 4500 | ||
|---|---|---|---|
| 001 | CEM.cems023142 | ||
| 008 | 130507s2009##################0###0#####d | ||
| 005 | 20241216152834.0 | ||
| 245 | 1 | 0 | |a Áreas naturales protegidas. |
| 260 | |a Argentina, |c 2009 | ||
| 300 | |a 26'. | ||
| 490 | 0 | |a Horizontes. Ciencias Sociales | |
| 500 | |a Consultar en ventanilla. | ||
| 520 | |a Las características geográficas, climáticas, minerales, hídricas y naturales de un país, y sus riquezas, como resultado del recorte político de una región o territorio. | ||
| 538 | |a Soporte: DVD - Color: Si - Grabación DRD | ||
| 590 | |a Identificación anterior registrada en SIABUC: DVD Nº46 | ||
| 100 | 1 | |a Saenz, Dalmiro | |
| 710 | 2 | |a Canal Encuentro. | |
| 700 | 1 | |a Pais, Ernestina; Conducción. | |
| 082 | 3 | 0 | |/ SAE-2 |
| 653 | |a GEOGRAFÍA | ||
| 653 | |a CLIMA | ||
| 653 | |a HIDROLOGÍA | ||
| 653 | |a MINERÍA | ||
| 653 | |a REGIONES | ||
| 653 | |a RECURSOS NATURALES | ||
| 653 | |a MINERÍA | ||
| 653 | |a NIVEL PRIMARIO | ||
| 653 | |a NIVEL SECUNDARIO | ||
| 653 | |a SERIE DE TELEVISIÓN | ||
| 856 | |u https://www.educ.ar/recursos/50752/areas-naturales-protegidas | ||
| 859 | |a CEMS |b BIB. CEMS - Depto. Recursos Didacticos |h 300 |i SAE-2 |k DRD |p 1785.13 |t Ej.1 | ||
